|
|
|
|
| LEADER |
00000nam a22000007a 4500 |
| 005 |
20191115113016.0 |
| 007 |
cr|||| |||| |
| 008 |
191115s2019 es |||||s|||| 00||0 spa d |
| 020 |
|
|
|a 978-84-1324-377-1
|
| 035 |
|
|
|a 30626
|
| 040 |
|
|
|a vLex
|
| 090 |
|
|
|c 10026
|d 10026
|
| 100 |
1 |
|
|a Cordero Ramos, Nuria
|
| 245 |
1 |
0 |
|a Trata de personas, gňero y migraciones en Andaluca̕ (Espaą), Costa Rica y Marruecos
|h [Recurso electrn̤ico] /
|c Nuria Cordero Ramos, Pilar Cruz Zį︢ga
|
| 256 |
|
|
|a Servicio en ln̕ea
|
| 260 |
|
|
|a Madrid:
|b Dykinson,
|c 2019
|
| 300 |
|
|
|a 1 recurso electrn̤ico
|
| 500 |
|
|
|a Retos y propuestas para la defensa y garanta̕ de los derechos humanos
|
| 506 |
1 |
|
|a Disponible solo en los productos indicados
|d vLex Global
|d vLex Global (Academic Edition, excluding Law Schools)
|d vLex Global (U.S. Academic Edition, Law Schools)
|d vLex Global (U.S. Academic Edition, excluding Law Schools)
|d vLex Global (Academic Edition, Law Schools)
|
| 650 |
0 |
4 |
|a Derecho Militar
|z Espaą
|
| 700 |
1 |
|
|a Zį︢ga, Pilar Cruz
|
| 740 |
0 |
|
|a vLex Libros (Servicio en ln̕ea)
|
| 856 |
4 |
0 |
|u http://vlex.com/source/trata-de-personas-genero-y-migraciones-en-andalucia-espa-a-costa-rica-y-marruecos-retos-y-propuestas-para-la-defensa-y-garantia-de-los-derechos-humanos-30626
|z Acceso restringido
|
| 942 |
|
|
|c BOOK
|
| 999 |
0 |
|
|a Military Law
|